000 00317nam a2200133Ia 4500
005 20251222144743.0
008 251222s9999||||xx |||||||||||||| ||spa||
020 _a960-6632-24-5
082 _a455.02/M26E/2/Ej.2
100 _aMarin, T.
245 0 _aNuovo Progetto Italiano:
264 _bEdilingua
942 _cLIB
999 _c19040
_d19040